التنمية الاقتصادية فى اليابان : (Record no. 66424)
[ view plain ]
| 000 -الفاتح | |
|---|---|
| حقل البيانات ثابتة الطول | 01042nam a22002417a 4500 |
| 005 - وقت وتاريخ اخر تعامل مع التسجيلة | |
| رقم الضبط | 20240530110918.0 |
| 008 - عناصر البيانات ثابتة الطول - معلومات عامة | |
| حقل البيانات ثابتة الطول | 220221s2008 ua a g b 000 0 ara d |
| 017 ## - رقم الايداع القانونى | |
| رقم الايداع القانونى | 2008/10576 |
| المصدر ( الهيئة المختصة) | مصر. دار الكتب |
| 020 ## - الرقم الدولى المعيارى للكتب | |
| الرقم الدولى المعيارى للكتاب | 9789770924075 |
| 040 ## - مصدر الفهرسة | |
| وكالة الفهرسة الأصلية | EG-CaGPL |
| وكالة النسخ | EG-CaGPL |
| 082 04 - رقم تصنيف ديوى العشرى | |
| رقم الطبعة | 21 |
| رقم التصنيف | 338.900952\ |
| رقم المادة | أ ت |
| 100 1# - المدخل الرئيسى - إسم شخصى | |
| الإسم الشخصى | اونو، كينئيتشى |
| 245 12 - بيان العنوان | |
| العنوان | التنمية الاقتصادية فى اليابان : |
| بقية العنوان | الطريق الذى قطعته اليابان كدولة نامية / |
| بيان المسئوليه,etc | كينئيتشى اونو ؛ ترجمة خليل درويش ؛ مراجعة هير وشى شيو جيرى ، منى البرادعى |
| 250 ## - بيان الطبعة | |
| بيان الطبعة | ط.1 |
| 260 ## - PUBLICATION, DISTRIBUTION, ETC. (IMPRINT) | |
| تاريخ النشر أو التوزيع | 2008 |
| 300 ## - الوصف المادى | |
| التعداد | 311 ص؛ |
| أبعاد الوعاء | 24 سم |
| 650 07 - المدخل الاضافى بالموضوع-مصطلح موضوعى | |
| مصدر الرأس أو المصطلح | qrmak |
| مصطلح موضوعي | ازمة شووا المالية 1927 |
| 651 07 - المدخل الاضافى بالموضوع - اسم جغرافى | |
| الاسم الجغرافي | اليابان |
| التقسيم الفرعي العام | التنمية الاقتصادية |
| 651 07 - المدخل الاضافى بالموضوع - اسم جغرافى | |
| الاسم الجغرافي | اليابان |
| التقسيم الفرعي العام | تاريخ |
| 700 0# - المدخل الاضافى - اسم شخصى | |
| الإسم الشخصى | خليل درويش |
| الدور | مترجم |
| 942 ## - عناصر المدخل الإضافي( كوها) | |
| مصدر التصنيف او مخطط الترفيف | Dewey Decimal Classification |
| Koha [default] item type | كتاب |
| 260 ## - PUBLICATION, DISTRIBUTION, ETC. (IMPRINT) | |
| -- | القاهرة : |
| -- | دار الشروق ، |
| حالة التراجع | حالة الفقد | حالة تلف | ليس للاعارة | المكان المؤقت | الموقع الحالى | موقع الترفيف | تاريخ الاكتساب | اجمالي اﻻعارات | رقم الطلب | الباركود | تاريخ اخر مشاهدة | تاريخ تفعيل السعر | نوع وعاء كوها |
|---|---|---|---|---|---|---|---|---|---|---|---|---|---|
| مكتبة القاهرة الكبرى | مكتبة القاهرة الكبرى | ق الرئيسية_العلوم الاجتماعية_ك عربى | 05/14/2022 | 338.900952\ أ ت | 167891 | 05/14/2022 | 05/14/2022 | كتاب |

